00427nam a2200157Ia 45000010006000000050017000060080041000230410008000640820015000721000025000872450104001122600009002163000028002256500008002536540008002612137020260306172914.0260306t2012||||xx |||||||||||||| ||spa|| aESP a344.6bH36 aHeine, GüntereAUT 0aModelos de responsabilidad penal de las personas jurídicas:bpropuestas globales contemporáneas c2012 a341 páginas :c24 cm. aGEN aCDE